| 000 | 005470000a22001810004500 | ||
|---|---|---|---|
| 003 | MACL | ||
| 005 | 20160401112357.0 | ||
| 008 | 160401b xxu||||| |||| 00| 0 eng d | ||
| 040 |
_aMACL _cMACL |
||
| 041 | _aHindi | ||
| 082 | _a320 | ||
| 100 |
_aभटटाचार्य मालिनी _949501 |
||
| 245 | _aअयोध्या: कुछ सवाल | ||
| 260 |
_bसारांश प्रकाशन _c1994 _aनई दिल्ली |
||
| 350 | _a250 | ||
| 650 |
_aPolitical Science _949502 |
||
| 942 |
_cHIN _k320 _2ddc |
||
| 999 |
_c19311 _d19311 |
||